• 首页
  • 本馆介绍
  • 公告通知
  • 最新文献
  • 馆藏检索
  • 电子资源
  • 读者导购
  • 参考咨询
  • 我的图书馆
  • 登录
  • 详细信息显示
  • 放入我的书架
  • 预约/预借图书
  • 作者相关作品
  • 分类相关作品
  • 丛书相关作品
  • 出版社相关作品

书目信息

  • 表格格式
  • 工作单格式
  • 卡片格式
题名:
飞向太平洋
    
 
作者: 〓诚民 , 杨广耀 编著
分册:  
出版信息: 北京   科学技术文献出版社  1981
页数: 131页
开本: 19cm
丛书名:
单 册:
中图分类: V475.1-49
科图分类:
主题词: 运载火箭--中国--普及读物
电子资源:
ISBN:
000 00660nam0 2200241 45
001 0181006771
005 20060801165757.19
010    @dCNY0.44
091    @a15176.538
100    @a19950317d1981 kemy0chiy0121 ea
101 0  @achi
102    @aCN@b110000
105    @ay z 000yy
200 10 @a飞向太平洋@Afei xiang tai ping yang@f杨广耀, 〓诚民编著
210    @a北京@c科学技术文献出版社@d1981
215    @a131页@d19cm
606    @a运载火箭@y中国@x普及读物
690    @aV475.1-49@v3
701  0 @a〓诚民@A〓 cheng min@4编著
701  0 @a杨广耀@Ayang guang yao@4编著
801  2 @aCN@bNLC@c20060801
801  0 @aCN@bTSSF
905    @a10447@dV475.1-49@e27
    
    飞向太平洋/杨广耀, 〓诚民编著.-北京:科学技术文献出版社,1981
    131页;19cm
    
    
    ISBN :CNY0.44
    
●
相关链接 在E读中查询图书 在五车中查询图书 在当当中查询图书 在豆瓣中查询图书


正题名:飞向太平洋     索取号:V475.1-49/27         预约/预借

序号 登录号 条形码 馆藏地/架位号 状态 备注
1 0439352   204393520   密集书库/ [索取号:V475.1-49/27] 在馆    
唐山师范学院图书馆 欢迎您!
大连网信软件有限公司© 版权所有